000 02249cam a22002177a 4500
020 _a9783527410521 (hbk.)
020 _a352741052X (hbk.)
020 _a9783527410460 (pbk.)
020 _a3527410465 (pbk.)
082 0 4 _a621.31244
_bWOL/NA
100 1 _aWolf, E. L.
245 1 0 _aNanophysics of solar and renewable energy /
260 _aWeinheim :
_bWiley-VCH,
_cc2012.
300 _axiv, 258 p. :
_bill., maps ;
490 1 _aPhysics textbook
520 _aThis easy accessible textbook provides an overview of solar to electric energy conversion, followed by a detailed look at one aspect, namely photovoltaics, including the underlying principles and fabrication methods. The author, an experienced author and teacher, reviews such green technologies as solar-heated-steam power, hydrogen, and thermoelectric generation, as well as nuclear fusion. Throughout the book, carefully chosen, up-to-date examples are used to illustrate important concepts and research tools. The opening chapters give a broad and exhaustive survey of long term energy resources, reviewing current and potential types of solar driven energy sources. The core part of the text on solar energy conversion discusses different concepts for generating electric power, followed by a profound presentation of the underlying semiconductor physics and rounded off by a look at efficiency and third-generation concepts. The concluding section offers a rough analysis of the economics relevant to the large-scale adoption of photovoltaic conversion with a discussion of such issues as durability, manufacturability and cost, as well as the importance of storage. The book is self-contained so as to be suitable for students with introductory calculus-based courses in physics, chemistry, or engineering. It introduces concepts in quantum mechanics, atomic and molecular physics, plus the solid state and semiconductor junction physics needed to attain a quantitative understanding of the current status of this field. With its comments on economic aspects, it is also a useful tool for those readers interested in a career in alternative energy--
650 0 _aPhotovoltaic power generation.
650 0 _aEnergy conversion.
650 0 _aNanoscience.
942 _cREF
999 _c14046
_d14046